000 00294nam a22001337a 4500
008 171012b xxu||||| |||| 00| 0 eng d
020 _a9780072977523
041 _aeng
080 _a316
100 _a50
101 _aSOC
245 _aLIFE-SPAN DEVELOPMENT
_cSANTROCK. J.W
942 _2udc
_cBK
999 _c33320
_d33320